000 00454nam a22001217a 4500
999 _c21672
_d21672
008 240916b ||||| |||| 00| 0 eng d
100 _aBunao, Jonard R.
_eauthor.
_961107
245 _aAction plan in campus journalism /
_cJonard R. Bunao.
260 _aPhilippines;
_bPublishers Association of the Philippines, Inc.,
_cFebruary 2018.
300 _aVolume 66, pages 335,
_billustration.
700 _aBunao, Jonard R.
_eauthor.
_961107
942 _2ddc
_cPER